El cristianismo no es un humanismo: apuntes para una teología del mundo
שמור ב:
| מחבר ראשי: | |
|---|---|
| פורמט: | ספר |
| שפה: | ספרדית |
| יצא לאור: |
Barcelona
Península
1968
|
| מהדורה: | 2a. ed |
| סדרה: | Historia, Ciencia, Sociedad, 5
|
| נושאים: | |
| תגים: |
הוספת תג
אין תגיות, היה/י הראשונ/ה לתייג את הרשומה!
|
MARC
| LEADER | 00000cam a2200000 a 4500 | ||
|---|---|---|---|
| 001 | UCD2773 | ||
| 003 | CL-VaPUC | ||
| 008 | 160505e19680000sp |||||||||||||||||spa|d | ||
| 082 | 0 | 4 | |a 230 |b GON |2 21 |
| 100 | |a González Ruiz, José María |e author |9 586142 | ||
| 245 | 1 | 3 | |a El cristianismo no es un humanismo: apuntes para una teología del mundo |
| 250 | |a 2a. ed | ||
| 300 | |a 227 p | ||
| 942 | |c BK | ||
| 945 | |d 20160505 16:04:00 |a arojas | ||
| 260 | |a Barcelona |b Península |c 1968 | ||
| 600 | 0 | |a Dios |9 314467 | |
| 650 | 0 | |a Cristianismo |9 257361 | |
| 650 | 7 | |a IGLESIA Y PROBLEMAS SOCIALES |2 CL-VaPUC |9 256615 | |
| 650 | 0 | |a Fe |9 308036 | |
| 650 | 7 | |a TEOLOGIA DEL MUNDO |2 CL-VaPUC |9 482769 | |
| 583 | |a last modification |c 20160505 16:04:00 |k Rodrigo Vera | ||
| 490 | 0 | |a Historia, Ciencia, Sociedad, 5 | |
| 999 | |c 363894 |d 363892 | ||
| 952 | |0 0 |1 0 |3 erd |4 0 |6 230_000000000000000_GON_1968 |7 0 |8 A |9 476724 |a BIBTEO |b BIBTEO |e Familia Cárdenas Lailhacar |i 5302102 |o 230 GON 1968 |p 5302102 |r 2025-01-17 |w 2019-11-24 |y BK |z Catalogado en:20160505 |k ICR | ||